000 006840000a22002050004500
090 _aAR
_b03439
245 1 0 _aNew, high altitude colombian species of the ant genus Camponotus with dimorphic males and females (Hymenoptera: Formicidae)
650 1 4 _aInsectos
_992622
650 1 4 _aEntomología
_94483
650 1 4 _aPáramos
_992513
650 1 4 _aMorfología animal
_99953
650 1 4 _aTaxonomía animal
_98245
653 _gCamponotus
_eCamponotus polymorphicus
041 0 _aInglés
700 1 _aLópez Castro, Camilo
_997041
700 1 _aFernández, Fernando
_91456
100 1 _aMackay, William P.
_992605
942 _cARTICULO
773 1 _tSociobiology
_h2
_q421-430
_d2002
_g40
999 _c12490
_d12490